|
|
|
|
| LEADER |
03333nam a2200529 4500 |
| 001 |
978-3-319-96538-3 |
| 003 |
DE-He213 |
| 005 |
20191022141209.0 |
| 007 |
cr nn 008mamaa |
| 008 |
181129s2019 gw | s |||| 0|eng d |
| 020 |
|
|
|a 9783319965383
|9 978-3-319-96538-3
|
| 024 |
7 |
|
|a 10.1007/978-3-319-96538-3
|2 doi
|
| 040 |
|
|
|d GrThAP
|
| 050 |
|
4 |
|a TJ807-830
|
| 072 |
|
7 |
|a THX
|2 bicssc
|
| 072 |
|
7 |
|a TEC031010
|2 bisacsh
|
| 072 |
|
7 |
|a THV
|2 thema
|
| 082 |
0 |
4 |
|a 621.042
|2 23
|
| 100 |
1 |
|
|a Behera, Basanta Kumara.
|e author.
|4 aut
|4 http://id.loc.gov/vocabulary/relators/aut
|
| 245 |
1 |
0 |
|a Bioenergy for Sustainability and Security
|h [electronic resource] /
|c by Basanta Kumara Behera, Ajit Varma.
|
| 250 |
|
|
|a 1st ed. 2019.
|
| 264 |
|
1 |
|a Cham :
|b Springer International Publishing :
|b Imprint: Springer,
|c 2019.
|
| 300 |
|
|
|a XVIII, 377 p. 191 illus., 22 illus. in color.
|b online resource.
|
| 336 |
|
|
|a text
|b txt
|2 rdacontent
|
| 337 |
|
|
|a computer
|b c
|2 rdamedia
|
| 338 |
|
|
|a online resource
|b cr
|2 rdacarrier
|
| 347 |
|
|
|a text file
|b PDF
|2 rda
|
| 505 |
0 |
|
|a 1. Energy Security -- 2. Gasoline-like Biofuel -- 3. Diesel-like Biofuels -- 4. Green Gaseous Fuels Technology -- 5. Bioelectricity Generation -- 6. Thermal Conversions of Biomass.
|
| 520 |
|
|
|a This book discusses the generation of green energy, providing fundamental scientific information on the availability of sustainable biological resources. It addresses inter- and multidisciplinary topics, including policies and strategies for sustainable energy; the environment and advanced renewable energy technology; electricity generation through solid waste management; and direct electricity generation using microbial fuel cells. It examines the application of the principles and quantitative relationships that define the process - as an effective technique to teach applied aspects of biomass energy technology conversion. In addition, it describes the latest commercialisation of microbial fuel cell technologies, bio-diesel production from microalgae, fermentation technology based on biobutanol from bacteria, and direct ethanol production from microalgae with attractive illustrations and models developed by corporate sectors.
|
| 650 |
|
0 |
|a Renewable energy resources.
|
| 650 |
|
0 |
|a Waste management.
|
| 650 |
|
0 |
|a Microbiology.
|
| 650 |
|
0 |
|a Sustainable development.
|
| 650 |
|
0 |
|a Energy security.
|
| 650 |
1 |
4 |
|a Renewable and Green Energy.
|0 http://scigraph.springernature.com/things/product-market-codes/111000
|
| 650 |
2 |
4 |
|a Waste Management/Waste Technology.
|0 http://scigraph.springernature.com/things/product-market-codes/U31001
|
| 650 |
2 |
4 |
|a Applied Microbiology.
|0 http://scigraph.springernature.com/things/product-market-codes/C12010
|
| 650 |
2 |
4 |
|a Sustainable Development.
|0 http://scigraph.springernature.com/things/product-market-codes/U34000
|
| 650 |
2 |
4 |
|a Energy Security.
|0 http://scigraph.springernature.com/things/product-market-codes/121000
|
| 700 |
1 |
|
|a Varma, Ajit.
|e author.
|4 aut
|4 http://id.loc.gov/vocabulary/relators/aut
|
| 710 |
2 |
|
|a SpringerLink (Online service)
|
| 773 |
0 |
|
|t Springer eBooks
|
| 776 |
0 |
8 |
|i Printed edition:
|z 9783319965376
|
| 776 |
0 |
8 |
|i Printed edition:
|z 9783319965390
|
| 856 |
4 |
0 |
|u https://doi.org/10.1007/978-3-319-96538-3
|z Full Text via HEAL-Link
|
| 912 |
|
|
|a ZDB-2-ENE
|
| 950 |
|
|
|a Energy (Springer-40367)
|